Délmagyarország. - 1971. március 9., Kedd
Elmentve itt :
| Dokumentumtípus: | Újság |
|---|---|
| Megjelent: |
1971-03-09
|
| Sorozat: | Délmagyarország
61 No. 57 |
| Online Access: | http://dmarchiv.bibl.u-szeged.hu/18301 |
| LEADER | 00485nas a2200145 i 4500 | ||
|---|---|---|---|
| 001 | delm18301 | ||
| 005 | 20200415081322.0 | ||
| 008 | 171215s1971 hu n o 0|| hun d | ||
| 022 | |a 0133-025X | ||
| 040 | |a SZTE Délmagyarország Archívum |b hun | ||
| 041 | |a hun | ||
| 245 | 0 | 0 | |a Délmagyarország. - 1971. március 9., Kedd |h [elektronikus dokumentum] |
| 260 | |c 1971-03-09 | ||
| 490 | 0 | |a Délmagyarország |v 61 No. 57 | |
| 856 | 4 | 0 | |u http://dmarchiv.bibl.u-szeged.hu/18301/1/dm_1971_057.pdf |z Dokumentum-elérés |